000 00656nam a2200217Ia 4500
005 20241129104352.0
008 241129s9999||||xx |||||||||||||| ||und||
020 _a9781849950022
037 _aTextual
040 _aRTL
_beng
_cRTL
041 _aeng
_2eng
084 _aY15-49.1(X) Q0
_qRTL
100 _aFlather Shreela
_9726054
245 0 _aWoman: Acceptable exploitation for profit
_cFlather Shreela
260 _aUnited Kingdom
_bWhittles Publishing
_c2010
300 _aix,132p.
365 _aINR
_b1206.31
650 _aGender and Economic Exploitation
_9726055
942 _cTB
_hY15-49.1(X) Q0
999 _c1225589
_d1225589